[Event "NRW Class1 1718"]
[Site "Germany"]
[Date "2018.04.29"]
[Round "9.1"]
[White "Kabatianski, Alexander"]
[Black "Grimm, Sascha"]
[Result "1/2-1/2"]
[WhiteElo "2307"]
[BlackElo "2351"]
[PlyCount "71"]
[EventDate "2017.09.17"]
[EventType "team-tourn"]
[EventRounds "9"]
[EventCountry "GER"]
[SourceTitle "EXT 2019"]
[Source "ChessBase"]
[SourceDate "2018.10.10"]
[SourceVersion "1"]
[SourceVersionDate "2018.10.10"]
[SourceQuality "1"]
[WhiteTeam "Emsdetten Rochade"]
[BlackTeam "Niederkassel"]
[WhiteTeamCountry "GER"]
[BlackTeamCountry "GER"]

1. Nf3 Nf6 2. c4 c5 3. d4 g6 4. Nc3 Bg7 5. e4 Qa5 6. Bd2 cxd4 7. Nxd4 Nc6 8. Nc2 0-0 9. Be2 d6 10. 0-0 a6 11. Kh1 Rb8 12. Rc1 Bd7 13. b4 Qd8 14. a3 b5 15. f3 Ne5 16. cxb5 axb5 17. Ne3 Bc6 18. Ncd5 Nxd5 19. exd5 Ba8 20. Bc3 Qb6 21. Bd4 Qb7 22. Qd2 Rfc8 23. Qb2 Rxc1 24. Rxc1 Bh6 25. Rd1 Rc8 26. g3 Bxe3 27. Bxe3 Nc4 28. Qb3 Nb6 29. Bxb6 Qxb6 30. Kg2 Bb7 31. Qd3 Rc4 32. Qd2 Rc7 33. h4 h5 34. Qd3 Rc4 35. Qd2 Rc7 36. Qd3 1/2-1/2

[Event "Mittelrhein Verbandsliga-M 15/16"]
[Site "Nordrheinwestfalen"]
[Date "2015.12.13"]
[Round "5.1"]
[White "Hansel, Rainer"]
[Black "Grimm, Sascha"]
[Result "0-1"]
[WhiteElo "1928"]
[BlackElo "2355"]
[PlyCount "48"]
[EventDate "2015.09.06"]
[EventType "team-tourn"]
[EventRounds "11"]
[EventCountry "GER"]
[SourceTitle "EXT 2022"]
[Source "ChessBase"]
[SourceDate "2021.10.06"]
[SourceVersion "1"]
[SourceVersionDate "2021.10.06"]
[SourceQuality "1"]
[WhiteTeam "Koeln Longerich"]
[BlackTeam "Gruenfeld"]
[WhiteTeamCountry "GER"]
[BlackTeamCountry "GER"]

1. Nf3 Nf6 2. c4 c5 3. Nc3 g6 4. d4 Bg7 5. e4 Qa5 6. Bd3 cxd4 7. Nxd4 Nc6 8. Nb3 Qd8 9. c5 0-0 10. f4 d6 11. cxd6 exd6 12. 0-0 a5 13. Be2 a4 14. Nd2 a3 15. Nc4 Nxe4 16. Nd5 Be6 17. Rb1 Nd4 18. Ndb6 d5 19. Nxa8 dxc4 20. Bf3 Bf5 21. g4 Nxf3+ 22. Qxf3 Ng5 23. fxg5 Bxb1 24. Be3 Bd3 0-1

[Event "Mittelrhein Regionalliga 1314"]
[Site "Mittelrhein"]
[Date "2013.09.15"]
[Round "1.1"]
[White "Grimm, Sascha"]
[Black "Broekmeulen, Jasper"]
[Result "1/2-1/2"]
[WhiteElo "2306"]
[BlackElo "2449"]
[PlyCount "100"]
[EventDate "2013.09.15"]
[EventType "team-tourn"]
[EventRounds "11"]
[EventCountry "GER"]
[SourceTitle "EXT 2023"]
[Source "ChessBase"]
[SourceDate "2022.10.05"]
[SourceVersion "1"]
[SourceVersionDate "2022.10.05"]
[SourceQuality "1"]
[WhiteTeam "Gruenfeld"]
[BlackTeam "Aachen DJK Aufwaerts II"]
[WhiteTeamCountry "GER"]
[BlackTeamCountry "GER"]

1. Nf3 d6 2. g3 e5 3. Bg2 f5 4. d3 Nf6 5. 0-0 Be7 6. e4 Nc6 7. c3 fxe4 8. dxe4 0-0 9. h3 Kh8 10. Nh4 Ng8 11. Nf3 Qe8 12. Be3 Qg6 13. Nbd2 Be6 14. Kh2 Rad8 15. Ng1 Nh6 16. Qe2 Rde8 17. Rae1 Bg5 18. Bxg5 Qxg5 19. a3 Rf6 20. Nc4 Bxc4 21. Qxc4 Ref8 22. Qe2 Qg6 23. Nf3 Nd8 24. Kg1 Ne6 25. Nh2 Qf7 26. Qe3 a5 27. Re2 b6 28. Rd2 Qh5 29. Qe2 Qxe2 30. Rxe2 a4 31. Rd1 Nc5 32. Nf1 Ng8 33. Ne3 R6f7 34. Nd5 Nf6 35. Nb4 g5 36. Rde1 h5 37. Re3 h4 38. Bf3 Nh7 39. Kg2 g4 40. Bxg4 Rxf2+ 41. Kg1 hxg3 42. Rxg3 Rxb2 43. Bf5 Nf6 44. Nc6 Rg8 45. Ree3 Rxg3+ 46. Rxg3 Ncxe4 47. Rg6 Rb1+ 48. Kg2 Rb2+ 49. Kg1 Rb1+ 50. Kg2 Rb2+ 1/2-1/2

[Event "Regionalliga Mittelrhein 1213"]
[Site "Germany"]
[Date "2013.05.05"]
[Round "10.1"]
[White "Walter, Kurt"]
[Black "Grimm, Sascha"]
[Result "0-1"]
[WhiteElo "2110"]
[BlackElo "2289"]
[PlyCount "44"]
[EventDate "2012.09.09"]
[EventType "team"]
[EventRounds "11"]
[EventCountry "GER"]
[SourceTitle "EXT 2015"]
[Source "ChessBase"]
[SourceDate "2014.11.20"]
[SourceVersion "1"]
[SourceVersionDate "2014.11.20"]
[SourceQuality "1"]
[WhiteTeam "Koeln SF II"]
[BlackTeam "Gruenfeld"]
[WhiteTeamCountry "GER"]
[BlackTeamCountry "GER"]

1. e4 e6 2. d4 d5 3. Nc3 Bb4 4. e5 c5 5. a3 Bxc3+ 6. bxc3 Ne7 7. Qg4 Qc7 8. Qxg7 Rg8 9. Qxh7 cxd4 10. Ne2 Nbc6 11. f4 dxc3 12. Qd3 d4 13. Rb1 Bd7 14. Rg1 a6 15. g4 0-0-0 16. h3 Be8 17. Ng3 Nd5 18. Ne4 Nxe5 19. fxe5 Qxe5 20. Be2 Bc6 21. Nc5 Ne3 22. Bxe3 dxe3 0-1

[Event "Regionalliga Mittelrhein 1213"]
[Site "Germany"]
[Date "2013.04.14"]
[Round "9.1"]
[White "Grimm, Sascha"]
[Black "Hovhannisyan, Mher"]
[Result "0-1"]
[WhiteElo "2289"]
[BlackElo "2485"]
[PlyCount "40"]
[EventDate "2012.09.09"]
[EventType "team"]
[EventRounds "11"]
[EventCountry "GER"]
[SourceTitle "EXT 2015"]
[Source "ChessBase"]
[SourceDate "2014.11.20"]
[SourceVersion "1"]
[SourceVersionDate "2014.11.20"]
[SourceQuality "1"]
[WhiteTeam "Gruenfeld"]
[BlackTeam "Wuerselen"]
[WhiteTeamCountry "GER"]
[BlackTeamCountry "GER"]

1. Nf3 d5 2. g3 Nf6 3. Bg2 e6 4. 0-0 Be7 5. d3 c5 6. Nbd2 b6 7. e4 Bb7 8. e5 Nfd7 9. c4 dxc4 10. dxc4 Nc6 11. Qe2 Qc7 12. Re1 Rd8 13. h4 h6 14. h5 Nd4 15. Nxd4 cxd4 16. Bxb7 Qxb7 17. Qg4 0-0 18. Nb3 Kh8 19. Nxd4 Bc5 20. Nc2 f6 0-1

[Event "Mittelrhein-chT 1112"]
[Site "Germany"]
[Date "2012.02.05"]
[Round "8.1"]
[White "Cekro, Ekrem"]
[Black "Grimm, Sascha"]
[Result "1-0"]
[WhiteElo "2378"]
[BlackElo "2310"]
[PlyCount "46"]
[EventDate "2011.09.11"]
[EventType "team-tourn"]
[EventRounds "13"]
[EventCountry "GER"]
[SourceTitle "EXT 2013"]
[Source "ChessBase"]
[SourceDate "2012.11.22"]
[SourceVersion "1"]
[SourceVersionDate "2012.11.22"]
[SourceQuality "1"]
[WhiteTeam "Wuerselen"]
[BlackTeam "Gruenfeld"]
[WhiteTeamCountry "GER"]
[BlackTeamCountry "GER"]

1. c4 c5 2. Nc3 Nf6 3. g3 g6 4. Bg2 Bg7 5. e3 0-0 6. Nge2 d6 7. 0-0 Nc6 8. h3 a6 9. d4 Bd7 10. b3 Rb8 11. Bb2 b5 12. cxb5 axb5 13. dxc5 dxc5 14. Rc1 Qc8 15. Nd5 Nxd5 16. Bxg7 Nxe3 17. fxe3 Kxg7 18. Rxc5 Qe8 19. Qd5 e6 20. Qd6 Ne7 21. Rc7 Rd8 22. e4 Nc8 23. Qe5+ f6 1-0

[Event "Mittelrhein-chT 1112"]
[Site "Germany"]
[Date "2012.01.15"]
[Round "7.1"]
[White "Grimm, Sascha"]
[Black "Haag, Martin"]
[Result "1/2-1/2"]
[WhiteElo "2310"]
[BlackElo "2255"]
[PlyCount "87"]
[EventDate "2011.09.11"]
[EventType "team-tourn"]
[EventRounds "13"]
[EventCountry "GER"]
[SourceTitle "EXT 2013"]
[Source "ChessBase"]
[SourceDate "2012.11.22"]
[SourceVersion "1"]
[SourceVersionDate "2012.11.22"]
[SourceQuality "1"]
[WhiteTeam "Gruenfeld"]
[BlackTeam "Bonn Beuel"]
[WhiteTeamCountry "GER"]
[BlackTeamCountry "GER"]

1. Nf3 d5 2. g3 Nf6 3. Bg2 e6 4. 0-0 Be7 5. d3 c5 6. Nbd2 Nc6 7. e4 b6 8. Re1 Bb7 9. e5 Nd7 10. h4 h6 11. h5 Qc7 12. Qe2 0-0-0 13. a3 Rdg8 14. d4 g6 15. hxg6 fxg6 16. c4 g5 17. cxd5 exd5 18. dxc5 Nxc5 19. b4 Ne6 20. Bb2 g4 21. Nh2 Qd7 22. Nb3 h5 23. Rad1 Ncd8 24. Qd3 Nf7 25. Bxd5 Qxd5 26. Qxd5 Bxd5 27. Rxd5 Rd8 28. Red1 Rxd5 29. Rxd5 Rd8 30. Rxd8+ Kxd8 31. f4 gxf3 32. Nxf3 Kd7 33. Kf2 Kc6 34. Nbd4+ Nxd4 35. Bxd4 Kd5 36. Ke3 Ng5 37. Nxg5 Bxg5+ 38. Kd3 h4 39. gxh4 Bxh4 40. a4 Bg3 41. e6 Kxe6 42. Kc4 Kd6 43. Kb5 Be1 44. a5 1/2-1/2

[Event "Mittelrhein-chT 1112"]
[Site "Germany"]
[Date "2011.10.02"]
[Round "2.1"]
[White "Spilles, Matthias"]
[Black "Grimm, Sascha"]
[Result "0-1"]
[WhiteElo "1861"]
[BlackElo "2310"]
[PlyCount "60"]
[EventDate "2011.09.11"]
[EventType "team-tourn"]
[EventRounds "13"]
[EventCountry "GER"]
[SourceTitle "EXT 2013"]
[Source "ChessBase"]
[SourceDate "2012.11.22"]
[SourceVersion "1"]
[SourceVersionDate "2012.11.22"]
[SourceQuality "1"]
[WhiteTeam "Bruehl II"]
[BlackTeam "Gruenfeld"]
[WhiteTeamCountry "GER"]
[BlackTeamCountry "GER"]

1. e4 e6 2. d4 d5 3. Nc3 Bb4 4. e5 Ne7 5. a3 Bxc3+ 6. bxc3 c5 7. Qg4 Kf8 8. Bd2 b6 9. h4 Ba6 10. Bxa6 Nxa6 11. h5 h6 12. Ne2 Rc8 13. Qf3 Qd7 14. a4 cxd4 15. cxd4 Rc4 16. a5 b5 17. Qb3 Kg8 18. 0-0 Nf5 19. c3 g6 20. Nf4 Kg7 21. Nd3 Rb8 22. g4 Nh4 23. f4 gxh5 24. Be1 Qe7 25. f5 Qg5 26. f6+ Kh8 27. Bxh4 Qxg4+ 28. Kf2 Qxh4+ 29. Ke2 Qe4+ 30. Kd2 b4 0-1

[Event "Oberliga NRW 1011"]
[Site "Germany"]
[Date "2010.10.24"]
[Round "2.5"]
[White "Hautot, Stephane"]
[Black "Grimm, Sascha"]
[Result "0-1"]
[WhiteElo "2422"]
[BlackElo "2352"]
[PlyCount "108"]
[EventDate "2010.09.26"]
[EventType "team-tourn"]
[EventRounds "9"]
[EventCountry "GER"]
[SourceTitle "EXT 2012"]
[Source "ChessBase"]
[SourceDate "2011.11.24"]
[SourceVersion "1"]
[SourceVersionDate "2011.11.24"]
[SourceQuality "1"]
[WhiteTeam "Aachen Aufwaerts"]
[BlackTeam "Godesberg"]
[WhiteTeamCountry "GER"]
[BlackTeamCountry "GER"]

1. e4 e6 2. d4 d5 3. Nc3 Bb4 4. e5 Ne7 5. Qg4 c5 6. Nf3 cxd4 7. Nxd4 0-0 8. Bd3 Ng6 9. Bxg6 fxg6 10. h4 Qc7 11. Qg3 Nc6 12. Nxc6 bxc6 13. Bd2 Qb6 14. h5 Bc5 15. 0-0-0 Bxf2 16. Qh3 g5 17. h6 g6 18. Bxg5 Rf5 19. Bd2 Rb8 20. b3 Bd7 21. g4 Rf7 22. Kb1 Rbf8 23. Qd3 c5 24. Rh3 Bd4 25. Re1 c4 26. Qe2 Rf2 27. Qd1 Bc5 28. Bc1 Bc6 29. Bb2 Bb4 30. a3 cxb3 31. cxb3 Bc5 32. Ne2 a5 33. Rc3 d4 34. Rc1 Be4+ 35. Ka2 Bd5 36. Qc2 d3 37. Qxd3 a4 38. Ka1 axb3 39. Rcd1 Qa7 40. Rd2 Bxa3 41. Nc3 Rxd2 42. Qxd2 Rf2 43. Re2 Rf1+ 44. Re1 Rf2 45. Re2 Rf1+ 46. Re1 Bb4+ 47. Kb1 Qg1 48. Rxf1 Qxf1+ 49. Bc1 Qc4 50. Kb2 Bc5 51. Qg5 Bf8 52. Qd8 Qc5 53. Bg5 Qa3+ 54. Kb1 Be4+ 0-1

[Event "BL2-West 0910"]
[Site "Germany"]
[Date "2009.11.15"]
[Round "2.6"]
[White "Berg, Michael"]
[Black "Grimm, Sascha"]
[Result "1/2-1/2"]
[WhiteElo "2322"]
[BlackElo "2335"]
[PlyCount "130"]
[EventDate "2009.10.18"]
[EventType "team-tourn"]
[EventRounds "9"]
[EventCountry "GER"]
[SourceTitle "EXT 2011"]
[Source "ChessBase"]
[SourceDate "2010.11.26"]
[SourceVersion "1"]
[SourceVersionDate "2010.11.26"]
[SourceQuality "1"]
[WhiteTeam "Solingen"]
[BlackTeam "Godesberg"]
[WhiteTeamCountry "GER"]
[BlackTeamCountry "GER"]

1. d4 Nf6 2. c4 c5 3. d5 e6 4. Nc3 exd5 5. cxd5 d6 6. e4 g6 7. Nf3 Bg7 8. Bd3 0-0 9. h3 a6 10. a4 Nbd7 11. 0-0 Re8 12. Re1 Nh5 13. Be3 Rb8 14. Rc1 Qa5 15. g4 Nhf6 16. Bf4 Ne5 17. Nxe5 dxe5 18. Be3 Bf8 19. Qf3 Nd7 20. d6 Re6 21. Bc4 Rf6 22. Qe2 Rxd6 23. Nd5 b5 24. axb5 axb5 25. Ra1 Qd8 26. Bxb5 Qh4 27. Ra7 Rxb5 28. Qxb5 Qxh3 29. Qf1 Qxg4+ 30. Qg2 Qe6 31. Rc7 Rc6 32. Rxc6 Qxc6 33. Rc1 Bb7 34. Qh3 Nf6 35. Nxf6+ Qxf6 36. f3 h5 37. Qg2 Be7 38. Bxc5 Qf4 39. Rc3 Bxc5+ 40. Rxc5 Qe3+ 41. Qf2 Qg5+ 42. Kh2 Qf4+ 43. Kg1 Qg5+ 44. Kf1 Ba6+ 45. Ke1 h4 46. Rc6 h3 47. Rc2 h2 48. Qxh2 Qe3+ 49. Kd1 Qxf3+ 50. Kc1 Qxe4 51. Rc3 Qe1+ 52. Kc2 Qe4+ 53. Kc1 Kg7 54. Qg3 Qh1+ 55. Kd2 Qd5+ 56. Kc1 e4 57. Rc7 Bd3 58. b4 Qd4 59. Qf4 Bc4 60. b5 Qc3+ 61. Kd1 Qd3+ 62. Kc1 Qc3+ 63. Kd1 Qa1+ 64. Kc2 Qa2+ 65. Kc1 Qe2 1/2-1/2

[Event "BL2-West 0809"]
[Site "Germany"]
[Date "2009.03.29"]
[Round "9.5"]
[White "Grimm, Sascha"]
[Black "Sohl, Jan"]
[Result "1-0"]
[WhiteElo "2350"]
[BlackElo "2150"]
[PlyCount "73"]
[EventDate "2008.10.05"]
[EventType "team-tourn"]
[EventRounds "9"]
[EventCountry "GER"]
[SourceTitle "CBM 129 Extra"]
[Source "ChessBase"]
[SourceDate "2009.05.05"]
[SourceVersion "2"]
[SourceVersionDate "2009.05.20"]
[SourceQuality "1"]
[WhiteTeam "Godesberg"]
[BlackTeam "Oberursel"]
[WhiteTeamCountry "GER"]
[BlackTeamCountry "GER"]

1. Nf3 g6 2. g3 Bg7 3. c4 c5 4. Nc3 Nc6 5. Bg2 e5 6. a3 d6 7. 0-0 Nge7 8. Rb1 a5 9. d3 0-0 10. Ne1 Be6 11. Nc2 d5 12. cxd5 Nxd5 13. Ne4 b6 14. Ng5 Bg4 15. h3 Bc8 16. Ne3 Nde7 17. b4 axb4 18. axb4 cxb4 19. Bd2 Ra2 20. Bxb4 Nd4 21. Re1 Re8 22. Ne4 Be6 23. Nc3 Ra6 24. Bxe7 Rxe7 25. Ned5 Rd7 26. Nb4 Ra5 27. e3 Nb5 28. Nxb5 Rxb5 29. Bc6 Ra5 30. Bxd7 Qxd7 31. h4 f5 32. d4 f4 33. dxe5 fxg3 34. f4 Qe7 35. Qd6 Qxd6 36. exd6 Bc3 37. Red1 1-0

[Event "BL2-West 0809"]
[Site "Germany"]
[Date "2009.02.01"]
[Round "6.6"]
[White "Kaufeld, Juergen"]
[Black "Grimm, Sascha"]
[Result "1/2-1/2"]
[WhiteElo "2225"]
[BlackElo "2350"]
[PlyCount "68"]
[EventDate "2008.10.05"]
[EventType "team-tourn"]
[EventRounds "9"]
[EventCountry "GER"]
[SourceTitle "CBM 129 Extra"]
[Source "ChessBase"]
[SourceDate "2009.05.05"]
[SourceVersion "2"]
[SourceVersionDate "2009.05.20"]
[SourceQuality "1"]
[WhiteTeam "Koblenz"]
[BlackTeam "Godesberg"]
[WhiteTeamCountry "GER"]
[BlackTeamCountry "GER"]

1. Nf3 Nf6 2. d4 g6 3. g3 Bg7 4. Bg2 c5 5. c4 cxd4 6. Nxd4 Nc6 7. Nc3 Ng4 8. e3 Nge5 9. b3 Qa5 10. Bd2 Nd3+ 11. Ke2 Nxd4+ 12. Kxd3 Nc6 13. Nd5 Qd8 14. Bc3 Bxc3 15. Nxc3 0-0 16. Ke2 d6 17. Qd2 Bg4+ 18. f3 Be6 19. Rac1 a6 20. f4 Rc8 21. Bf3 Qd7 22. Rhd1 Bg4 23. Nd5 Bxf3+ 24. Kxf3 b5 25. Nb6 Qb7 26. Nxc8 Nd4+ 27. Kf2 Qf3+ 28. Ke1 Qh1+ 29. Kf2 Qxh2+ 30. Kf1 Qh1+ 31. Kf2 Qf3+ 32. Ke1 Qh1+ 33. Kf2 Qf3+ 34. Ke1 Qh1+ 1/2-1/2

[Event "Oberliga NRW 0607"]
[Site "Germany"]
[Date "2006.09.17"]
[Round "1.4"]
[White "Bonnmann, Reinhard"]
[Black "Grimm, Sascha"]
[Result "0-1"]
[WhiteElo "2253"]
[BlackElo "2358"]
[PlyCount "112"]
[EventDate "2006.09.17"]
[EventType "team-tourn"]
[EventRounds "9"]
[EventCountry "GER"]
[SourceTitle "EXT 2007"]
[Source "ChessBase"]
[SourceDate "2006.11.23"]
[SourceVersion "1"]
[SourceVersionDate "2006.11.23"]
[SourceQuality "1"]
[WhiteTeam "Koeln SF"]
[BlackTeam "Godesberg II"]
[WhiteTeamCountry "GER"]
[BlackTeamCountry "GER"]

1. d4 e6 2. Nf3 Nf6 3. g3 b5 4. Qd3 a6 5. a4 b4 6. Bg2 Bb7 7. Bg5 c5 8. dxc5 Bxc5 9. Nbd2 d5 10. 0-0 Nbd7 11. Be3 Bd6 12. Bf4 e5 13. Nc4 dxc4 14. Qxd6 exf4 15. Nd4 Bxg2 16. Nf5 Rg8 17. Kxg2 g6 18. Nh6 Rf8 19. Qxb4 Qe7 20. Qxc4 Qe4+ 21. Qxe4+ Nxe4 22. gxf4 f5 23. f3 Nef6 24. Rfd1 0-0-0 25. Rd3 Nb6 26. Rb3 Nbd5 27. e3 Nc7 28. Rf1 Rd2+ 29. Rf2 Rfd8 30. c4 Rxf2+ 31. Kxf2 Rd2+ 32. Kg1 Rc2 33. Nf7 Nd7 34. Nd6+ Kd8 35. Rd3 Ne6 36. b4 Rb2 37. b5 Ndc5 38. Nb7+ Kc7 39. Nxc5 Nxc5 40. Rd5 Nxa4 41. bxa6 Ra2 42. Re5 Nb6 43. c5 Nc8 44. e4 fxe4 45. fxe4 Rxa6 46. Kg2 Kd7 47. h4 Ne7 48. h5 Ra3 49. Kf2 Rh3 50. Kg2 Rc3 51. Kf2 Ng8 52. hxg6 hxg6 53. Ke2 Nf6 54. Kd2 Rxc5 55. Ke3 Ng4+ 56. Kd4 Rxe5 0-1

[Event "BL2-West 0506"]
[Site "Germany"]
[Date "2006.02.19"]
[Round "7.4"]
[White "Oparaugo, Thomas"]
[Black "Grimm, Sascha"]
[Result "1-0"]
[WhiteElo "2065"]
[BlackElo "2339"]
[PlyCount "63"]
[EventDate "2005.10.23"]
[EventType "team-tourn"]
[EventRounds "9"]
[EventCountry "GER"]
[SourceTitle "EXT 2007"]
[Source "ChessBase"]
[SourceDate "2006.11.23"]
[SourceVersion "1"]
[SourceVersionDate "2006.11.23"]
[SourceQuality "1"]
[WhiteTeam "Oberursel"]
[BlackTeam "Lohmar"]
[WhiteTeamCountry "GER"]
[BlackTeamCountry "GER"]

1. e4 e6 2. d4 d5 3. Nc3 Bb4 4. exd5 exd5 5. Bd3 Nc6 6. a3 Bxc3+ 7. bxc3 Nge7 8. Qf3 Be6 9. Ne2 Qd7 10. 0-0 0-0 11. Qh5 Bf5 12. Ng3 Bg6 13. Qf3 Na5 14. Rb1 b6 15. h4 h6 16. h5 Bh7 17. Re1 Rae8 18. Bf4 Nc4 19. a4 c6 20. Re2 Nc8 21. Rbe1 Rxe2 22. Qxe2 Nb2 23. Qe3 Bxd3 24. cxd3 Nxa4 25. Bxh6 f6 26. Bxg7 Kxg7 27. Qf4 f5 28. Re5 Nxc3 29. Kf1 Ne7 30. Qg5+ Kf7 31. Rxe7+ Qxe7 32. Qg6# 1-0

[Event "BL2-West 0506"]
[Site "Germany"]
[Date "2006.01.15"]
[Round "5.4"]
[White "Dambacher, Martijn"]
[Black "Grimm, Sascha"]
[Result "1-0"]
[WhiteElo "2401"]
[BlackElo "2339"]
[PlyCount "69"]
[EventDate "2005.10.23"]
[EventType "team-tourn"]
[EventRounds "9"]
[EventCountry "GER"]
[SourceTitle "EXT 2007"]
[Source "ChessBase"]
[SourceDate "2006.11.23"]
[SourceVersion "1"]
[SourceVersionDate "2006.11.23"]
[SourceQuality "1"]
[WhiteTeam "Bergheim"]
[BlackTeam "Lohmar"]
[WhiteTeamCountry "GER"]
[BlackTeamCountry "GER"]

1. d4 e6 2. Nf3 Nf6 3. c4 c5 4. d5 exd5 5. cxd5 d6 6. e4 a6 7. h3 b5 8. Bd3 Be7 9. 0-0 0-0 10. Re1 Nbd7 11. a4 Rb8 12. axb5 axb5 13. b3 Ne8 14. Na3 Bf6 15. Rb1 Qa5 16. b4 cxb4 17. Nc2 Bc3 18. Bd2 Nc5 19. Nxb4 Bxd2 20. Qxd2 Bd7 21. Nd4 Nc7 22. Qc2 Qb6 23. Kh1 Rfe8 24. f4 Rbc8 25. e5 h6 26. Bf5 Bxf5 27. Nxf5 dxe5 28. fxe5 Qg6 29. e6 Nb7 30. Rf1 Nxd5 31. Nxd5 Rxc2 32. Nfe7+ Kh7 33. Nxg6 fxg6 34. Rf7 Rb8 35. Rxb5 1-0

[Event "BL2-West 0506"]
[Site "Germany"]
[Date "2005.10.23"]
[Round "1.3"]
[White "Grimm, Sascha"]
[Black "Krivoshey, Sergei"]
[Result "1-0"]
[WhiteElo "2339"]
[BlackElo "2535"]
[PlyCount "79"]
[EventDate "2005.10.23"]
[EventType "team-tourn"]
[EventRounds "9"]
[EventCountry "GER"]
[SourceTitle "EXT 2007"]
[Source "ChessBase"]
[SourceDate "2006.11.23"]
[SourceVersion "1"]
[SourceVersionDate "2006.11.23"]
[SourceQuality "1"]
[WhiteTeam "Lohmar"]
[BlackTeam "Hofheim"]
[WhiteTeamCountry "GER"]
[BlackTeamCountry "GER"]

1. Nf3 d5 2. g3 c6 3. Bg2 Bg4 4. b3 Nd7 5. Bb2 Ngf6 6. 0-0 Qc7 7. c4 dxc4 8. bxc4 e5 9. Nc3 Be7 10. Rb1 0-0 11. Ba1 Rad8 12. Qc2 Rfe8 13. d3 Bf8 14. Nd2 Nc5 15. Rfe1 Bc8 16. Na4 Ne6 17. e3 Qd7 18. Bxe5 Qxd3 19. Qxd3 Rxd3 20. Nb3 Nd7 21. Bd4 Bb4 22. Rec1 Nxd4 23. Nxd4 Bf8 24. Nc3 Ne5 25. Rc2 Nxc4 26. Rbc1 Rd2 27. Rxd2 Nxd2 28. Rd1 Nc4 29. Nb3 Ne5 30. Nc5 Bg4 31. Rb1 b6 32. N5e4 c5 33. Nb5 Bf5 34. Rd1 Nc4 35. Nec3 Be6 36. Nxa7 Rb8 37. Nc6 Rc8 38. Nd8 Bf5 39. Bd5 Nd6 40. e4 1-0

[Event "BL2-West 0405"]
[Site "Germany"]
[Date "2005.04.10"]
[Round "9.3"]
[White "Grimm, Sascha"]
[Black "Cramling, Pia"]
[Result "1/2-1/2"]
[WhiteElo "2342"]
[BlackElo "2477"]
[PlyCount "33"]
[EventDate "2004.10.13"]
[EventType "team-tourn"]
[EventRounds "9"]
[EventCountry "GER"]
[SourceTitle "EXT 2006"]
[Source "ChessBase"]
[SourceDate "2005.11.24"]
[SourceVersion "1"]
[SourceVersionDate "2005.11.24"]
[SourceQuality "1"]
[WhiteTeam "Lohmar"]
[BlackTeam "Emsdetten Turm"]
[WhiteTeamCountry "GER"]
[BlackTeamCountry "GER"]

1. c4 c5 2. Nf3 Nc6 3. Nc3 e5 4. g3 g6 5. Bg2 d6 6. a3 Bg7 7. Rb1 a5 8. d3 Nge7 9. 0-0 0-0 10. Bg5 f6 11. Be3 Be6 12. Ne1 Qd7 13. Nc2 Bh3 14. b4 axb4 15. axb4 Bxg2 16. Kxg2 b6 17. bxc5 1/2-1/2